00497nam a22001577a 4500003001200000005001700012008004100029020001500070040001200085082001500097100002200112245010300134250001200237260001200249650007800261NUST - PNEC20170116180907.0150902b xxu||||| |||| 00| 0 eng d a8120306538 cLIBRARY a610.28 CRO aCromwell, Leslie. aBiomedical instrumentation and measurementscLeslie Cromwell Erich A. Pfeiffer and Fred J. Weibell a2nd ed. cc. 1980 aBiomedical engineering, Medical instruments and apparatus vgeneral books